000 01772cam a22004574i 4500
003 PE-LiUPU
005 20250731173515.0
008 150616s r 000 0 d
020 _a9505734417
035 _a(Sirsi) i9789505734412
040 _aPE-LiUPU
_bspa
_cPE-LiUPU
_erda
049 _aPRUA
082 0 4 _a232.6
_bF73
_221
100 1 _aFolkenberg, Roberto S.,
_eautor.
245 1 0 _aSeguimos Creyendo en su Venida.
264 1 _aBuenos Aires :
_bAsociación Casa Editora Sudamericana,
_c1994.
300 _a127 páginas ;
_c20 centímetros
336 _atext
_2rdacontent
337 _aunmediated
_2rdamedia
338 _avolume
_2rdacarrier
505 0 _aJesús viene pronto.- Jesús establecerá un Nuevo Orden Mundial.- El ministerio de Jesús en el cielo está limpiando nuestras vidas.- Dios tiene un plan para su iglesia.- El sábado es una señal divina de salvación.- La ley de Dios es la norma divina de conducta.- La biblia ess la palabra inspirada de Dios.
526 _aSEG42
526 _aSEG41
526 _aSEG40
526 _aSEG39
526 _aP94
526 _aP87
526 _aP86
526 _aP85
526 _aP77
526 _aP76
526 _aP35
650 0 4 _aSEGUNDO ADVENIMIENTO.
910 _ajck
_bjvq
_cjck
942 _2ddc
_cBOOK
949 _a232.6 F73
_wDEWEY
_c1
_i41564
_d2015-11-11
_e2015-11-10
_lCCODEBUL1
_mBUL
_n1
_r0
_sY
_tBOOK
_u2015-6-16
_xTEOLOGIA
_zUNKNOWN
_0COMPRA
_o.STAFF. Colección General
994 _aC0
_bPEPRU
596 _a1
999 _a232.6 F73
_wDEWEY
_c59232
_i41564
_d59232
_e2015-11-10
_f2021-11-11
_g5
_lCCODEBUL1
_mBUL
_n1
_r0
_sY
_tBOOK
_u2015-6-16
_xTEOLOGIA
_zUNKNOWN
_0COMPRA
_o.STAFF. Colección General
980 _81
_gALBERTO SANCHEZ Responsable de Automatización